000 01169cab a2200289 4500
001 ABS45921
008 090401t1992 xxu||||| |||| 00| 0 eng d
035 _a(Sirsi) u55902
041 _aeng
100 _aWard, C.
245 _aCounternotices: getting it right
260 _c1992
350 _a0
490 _aEstates Gazette
_v(9207) 22 February 1992, 114-132(3)
520 _aDiscusses rent review procedure found in many leases whereby the landlord serves a trigger notice naming the rent for the following review period. With reference to case law the author discusses the pitfalls and how much care must be taken to avoid litigation. Includes examples of a landlord`s trigger notice and a tenant`s counternotice.
650 _aBARRETT ESTATES SERVICES LTD V DAVID GREIG (RETAIL) LTD
650 _aBRANCHETT V BEANEY
650 _aHAYES V JAMES & CHARLES DODD (A FIRM)
650 _aMAMMOTH GREETING CARDS LTD V AGRA LTD
650 _aPATEL V EARLSPRING PROPERTIES LTD
650 _aRENT REVIEWS
650 _aTRIGGER NOTICES
650 _aWATTS V MORROW
690 _aLANDLORD AND TENANT-RENT REVIEWS
942 _n0
948 _c04/03/1997
999 _c34162
_d34162